Biotech industry : a global, economic, and financing overview /

Bibliographic Details
Main Author: Bergeron, Bryan P.
Corporate Author: NetLibrary, Inc
Other Authors: Chan, Paul
Format: eBook
Language:English
Published: New York : Wiley, [2004]
Subjects:
Online Access:Connect to the full text of this electronic book

MARC

Tag First Indicator Second Indicator Subfields
LEADER 00000cam a2200000Ia 4500
001 in00002002187
005 20220105141735.0
006 m d
007 cr cnu---unuuu
008 040421s2004 nyu s 000 0 eng d
020 |a 0471647578 (electronic bk.) 
035 |a (OCoLC)ocm54993076 
040 |a N$T  |c N$T  |d UtOrBLW 
049 |a IKMN 
050 1 4 |a HD9999.B442  |b B47 2004eb 
082 0 4 |a 338.476606  |2 22 
100 1 |a Bergeron, Bryan P.  |0 http://id.loc.gov/authorities/names/n88169591 
245 1 0 |a Biotech industry :  |b a global, economic, and financing overview /  |c Bryan Bergeron and Paul Chan. 
264 1 |a New York :  |b Wiley,  |c [2004] 
264 4 |c ©2004 
300 |a 1 volume 
336 |a text  |b txt  |2 rdacontent 
337 |a computer  |b c  |2 rdamedia 
338 |a online resource  |b cr  |2 rdacarrier 
533 |a Electronic reproduction.  |b Boulder, Colo. :  |c NetLibrary,  |d 2004.  |n Available via World Wide Web.  |n Access may be limited to NetLibrary affiliated libraries. 
500 |a Electronic resource. 
650 0 |a Biotechnology industries.  |0 http://id.loc.gov/authorities/subjects/sh85014264 
655 7 |a Electronic books.  |2 local 
700 1 |a Chan, Paul.  |0 http://id.loc.gov/authorities/names/n78030315 
710 2 |a NetLibrary, Inc.  |0 http://id.loc.gov/authorities/names/no99080690 
776 1 |c Original  |z 0471465615  |w (OCoLC)53393408 
856 4 1 |u https://proxy.library.tamu.edu/login?url=http://www.netLibrary.com/urlapi.asp?action=summary&v=1&bookid=107269  |z Connect to the full text of this electronic book  |t 0 
994 |a 92  |b IKM 
999 |a MARS 
999 f f |s 4537e54e-c7b3-3810-a491-b015dafbcdd2  |i 07b612d4-0019-31e9-95de-72e391ce75b4  |t 0 
952 f f |a Texas A&M University  |b College Station  |c Electronic Resources  |d Available Online  |t 0  |e HD9999.B442 B47 2004eb  |h Library of Congress classification 
998 f f |a HD9999.B442 B47 2004eb  |t 0  |l Available Online